Biblioteca

Basic questions in theology / Wolfhart Pannenberg ; Translated by George H. Kehm (Registro nro. 45363)

Detalles MARC
000 -LÍDER
Campo fijo de descripción fija 02092cam a2200325 i 4500
001 - NÚMERO DE CONTROL
Campo de control 768714001
003 - IDENTIFICADOR DEL NÚMERO DE CONTROL
Campo de control CO-MdBIC
005 - FECHA Y HORA DE LA ULTIMA TRANSACCIÓN
control field 20231103121032.0
008 - ELEMENTOS DE LONGITUD FIJA -- INFORMACIÓN GENERAL
Campo fijo de descripción fija -- Información general 231103t1970 enk||||| |||| 00| 0 eng d
020 ## - NÚMERO INTERNACIONAL NORMALIZADO PARA LIBROS
Número Internacional Normalizado del libro Vol. 1: 334-00078-5 ; Vol. 2: 334-00079-3 ; Vol. 3: 334-0081-5
040 ## - FUENTE DE CATALOGACIÓN
Idioma de catalogación spa.
Agencia de catalogación original CO-MdFUSB
Agencia que realiza la transcripción CO-MdFUSB
Agencia que realiza la modificación CO-MdFUSBC
Convenciones de la descripción rda
041 ## - CÓDIGO DE IDIOMA
Código de idioma para texto/pista de sonido o título separado eng
082 04 - NÚMERO DE CLASIFICACIÓN DECIMAL DEWEY
Número de clasificación G 230.08 P1945p
100 1# - ASIENTO PRINCIPAL--NOMBRE PERSONAL
Nombre personal Pannenberg, Wolfhart
245 10 - TÍTULO
Título del Material Basic questions in theology / Wolfhart Pannenberg ; Translated by George H. Kehm
Mención de responsabilidad, etc. /
264 #1 - PRODUCCIÓN, PUBLICACIÓN, DISTRIBUCIÓN, MANUFACTURA, Y COPYRIGHT
Lugar de producción, publicación, distribución, manufactura London : SCM Press
Nombre del productor, publicador, distribuidor SCM Press,
Fecha de producción, publicación, distribución, manufactura, o copyright [1970]
264 #4 - PRODUCCIÓN, PUBLICACIÓN, DISTRIBUCIÓN, MANUFACTURA, Y COPYRIGHT
Fecha de producción, publicación, distribución, manufactura, o copyright ©1970
300 ## - DESCRIPCIÓN FÍSICA
Extensión 3 volúmenes
Dimensiones ;
336 ## - TIPO DE CONTENIDO
Término de tipo de contenido texto
Código de tipo de contenido txt
Fuente rdacontent
337 ## - TIPO DE MEDIO
Fuente rdamedia
Nombre del tipo de medio sin mediación
Código del tipo de medio n
338 ## - TIPO DE SOPORTE
Fuente rdacarrier
Nombre del tipo de soporte volumen
Código Tipo de soporte nc
500 ## - NOTA GENERAL
Nota General Título original en alemán: Grundfragen systematischer Theologie \ Incluye índice (Vol. 3, p. 211-213)
501 ## - NOTA DE “CON”
Nota de Contenido Pasta dura
505 00 - NOTA DE CONTENIDO
Nota de contenido con formato preestablecido Vol. 1: La crisis del principio de escritura - Acontecimiento redentor y la historia - Kerygma y la historia - La historia hermenéutica y universal - Sobre la hermenéutica histórica y teológica - ¿Qué es una declaración dogmática? - Analogía y doxología \ Vol. 2: ¿Qué es la verdad? - La perspicacia y la fe - La fe y la razón - Hacia una teología de la historia de las religiones - La apropiación del concepto filosófico de Dios como un problema dogmático de la teología temprana cristiana - Tipos de ateísmo y su sentido teológico - La cuestión de Dios - El Dios de la esperanza \ Vol. 3: Las dimensiones posteriores del mito en la tradición bíblica y cristiana - Antropología y la cuestión de Dios - Hablando de Dios en frente de la crítica atea - Teología cristiana y la crítica filosófica - La importancia del cristianismo en la filosofía de Hegel - El cristianismo como la legitimidad de la edad moderna - Escatología y la experiencia del significado
650 #7 - ASIENTO SECUNDARIO DE MATERIA - TERMINO TEMÁTICO
Término temático o nombre geográfico como elemento de entrada Teología bíblica
9 (RLIN) 320
650 #7 - ASIENTO SECUNDARIO DE MATERIA - TERMINO TEMÁTICO
Término temático o nombre geográfico como elemento de entrada Teología dogmática
Fuente del encabezamiento o término embne
9 (RLIN) 6938
Subdivisión de forma Historia
650 #7 - ASIENTO SECUNDARIO DE MATERIA - TERMINO TEMÁTICO
Término temático o nombre geográfico como elemento de entrada Hermenéutica bíblica
Fuente del encabezamiento o término embne
9 (RLIN) 7333
942 ## - TIPO DE MATERIAL (KOHA)
Tipo de Item KOHA Libros General
945 ## - INFORMACIÓN LOCAL DEL REGISTRO
Catalogador Johan1477
Existencias
Estado de Material Estado de Perdido Forma de Clasificación Volumen-Parte/Tomo Estado de Dañado No para Préstamo Colección Tomo Biblioteca de Origen Biblioteca Permanente Fecha de Adquisición Total de Préstamos Signatura Topográfica Código de Barras Última vez visto Ejemplar/Existencia Fecha de Remplazo Tipo de Material
    Dewey Decimal Classification 2     Colección General   Biblioteca FUSBC Biblioteca FUSBC 11/02/2015   G 230.08 P1945p 19000 12/12/2019 Vol. 2 , Ej. 1 26/01/2016 Libros General
    Dewey Decimal Classification 3     Colección General   Biblioteca FUSBC Biblioteca FUSBC 14/07/2015   G 230.08 P1945p 20655 12/12/2019 Vol. 3 , Ej. 1 26/01/2016 Libros General
    Dewey Decimal Classification 1     Colección General   Biblioteca FUSBC Biblioteca FUSBC 14/07/2015   G 230.08 P1945p 20654 12/12/2019 Vol. 1 , Ej. 1 26/01/2016 Libros General

Biblioteca FUSBC | Teléfono: (57+4) 349 88 10 Ext. 141| WhatsApp (+57) 3005338115 
E-mail: biblioteca@unisbc.edu.co | Calle 76 87-14 Robledo Palenque, Medellín, Colombia

Con tecnología Koha